000 00505nam a22001937a 4500
003 KOHA_MİRAKIL
005 20251114123034.0
008 251114b tu ||||| |||| 00| 0 tur d
020 _a9786258495232
040 _aTR-AnABB
_btur
_cTR-AnABB
041 _atur
082 _a813.42
_bTAN 2022
100 1 _aTan, Canan,
245 1 0 _aSızı /
_cCanan Tan
260 _aİstanbul :
_bDoğan Kitap,
_c2018
300 _a166 sayfa ;
_c20 cm
650 0 4 _aTürk edebiyatı, roman
942 _2ddc
_cBK
999 _c9388
_d9388
900 _bGizem YORULMAZ